Statistics for Italian Scorers in 2010s Champions League

Click here to take the quiz!

General Stats

  • This quiz has been taken 130 times
  • The average score is 17 of 41

Answer Stats

PlayerTeamGls% Correct
Lorenzo InsigneNapoli9
96%
Mario BalotelliInter, Manchester City, Milan, Liverpool7
92%
Leonardo BonucciJuventus2
91%
Giorgio ChielliniJuventus2
89%
Ciro ImmobileDortmund4
88%
Marco VerrattiParis SG3
85%
Francesco TottiRoma4
84%
Andrea PirloMilan, Juventus2
76%
Claudio MarchisioJuventus3
73%
Daniele De RossiRoma5
73%
Thiago MottaInter, Paris SG3
56%
JorginhoNapoli1
54%
Filippo InzaghiMilan4
48%
Fabio QuagliarellaJuventus6
46%
Stephan El ShaarawyRoma, Milan4
44%
Alessandro FlorenziRoma1
42%
Antonio CassanoMilan1
41%
Alberto GilardinoFiorentina3
39%
Alessandro MatriJuventus2
36%
Riccardo MontolivoFiorentina1
36%
Federico BernardeschiJuventus1
35%
Sebastian GiovincoJuventus2
35%
Lorenzo PellegriniRoma1
34%
Vincenzo IaquintaJuventus1
34%
Davide ZappacostaChelsea1
31%
Giampaolo PazziniInter3
27%
Daniele RuganiJuventus1
26%
Mauro CamoranesiJuventus1
26%
Simone ZazaJuventus1
24%
Alessio CerciAtletico Madrid1
22%
Marco BorrielloMilan, Roma5
22%
Nicolò ZanioloRoma2
22%
Simone PerrottaRoma1
19%
Stefano SturaroJuventus1
16%
Daniel CaligiuriWolfsburg1
14%
Giulio DonatiLeverkusen1
14%
Antonio NocerinoMilan1
13%
Manolo GabbiadiniNapoli1
6%
Federico PiovaccariSteaua1
4%
Leandro GrecoRoma, Olympiacos2
4%
Marco MarchionniFiorentina1
4%

Score Distribution

Percentile by Number Answered

Percent of People with Each Score

Your Score History

You have not taken this quiz